| 000 | 00477nam a22002057i 4500 | ||
|---|---|---|---|
| 001 | 4349 | ||
| 003 | OSt | ||
| 005 | 20170126082333.0 | ||
| 007 | tu | ||
| 008 | 161220s1999 xxu||||| |||| 00| 0 d | ||
| 024 | 7 |
_a4348 _2RID |
|
| 040 | _cOSt | ||
| 084 |
_a11.7 _2z |
||
| 100 | 1 | _aLammers, Konrad | |
| 245 | 0 | 0 | _aRäumliche Wirkungen der Globalisierung in Deutschland |
| 260 |
_aHamburg, _c1999. |
||
| 300 |
_a29 S. ; _c30cm. |
||
| 490 |
_aHWWA-Diskussionspapier _v74 |
||
| 651 | _aGermany | ||
| 942 | _cB | ||
| 999 |
_c4271 _d4271 |
||